| 000 | 00630nam a2200229 a 4500 | ||
|---|---|---|---|
| 008 | |||
| 020 | _a0278000584 (pbk.) | ||
| 049 | _aMAIN | ||
| 090 |
_aTK7881.15 _bBRA |
||
| 100 | 1 | _aBradley, D.A. | |
| 245 | 1 | 0 |
_aPower electronics / _cD.A. Bradley. |
| 260 |
_aBerkshire : _bELBS, _c1988 |
||
| 300 |
_a166 p. : _bill. ; _c25 cm. |
||
| 504 | _aIncludes bibliographical references. | ||
| 500 | _aIncludes index. | ||
| 650 | 0 | _aPower electronics. | |
| 907 |
_a.b10170820 _b13-02-13 _c11-08-05 |
||
| 003 | |||
| 005 | 20230123134046.0 | ||
| 040 | _cNUST | ||
| 942 |
_cBOOKS _kTK7881.15 _mBRA |
||
| 999 |
_c159314 _d159314 |
||